000 00968nam a22002537a 4500
001 49325
003 BD-RjUL
005 20211209054650.0
008 160820s1970 bg ||||| |||| 00| 0 ben d
020 _c: TK. 13.50
035 _a(BD-RjUL)49444
040 _aBD-RjUL
_bben
_cBD-RjUL
_dBD-RjUL
041 _aben
082 _223
_a891.73
_bDOA 1970
100 _aডস্টয়েভিস্কি, ফিয়ডর
_9148147
245 _aঅপরাধ ও শাস্তি /
_cফিয়ডর ডস্টয়েভ্‌স্কি ; অনুবাদ আকবর উদ্দীন
260 _aঢাকা :
_bবাঙলা একাডেমী,
_c১৯৭০.
300 _a-খন্ড-
_c২৩ সেমি.
505 _aখন্ড- ১ম
650 _aরাশিয়ান উপন্যাস
_9148148
650 _aRussian Fiction
_9122083
700 _aউদ্দীন, আকবর
_9147151
942 _2ddc
_cBK
999 _c49325
_d49325